Welcome to CU Library Online Public Access Catalogue (OPAC)

International Business / (Record no. 413)

MARC details
000 -LEADER
fixed length control field 01116cam a22001933 4500
001 - CONTROL NUMBER
control field FRBNF422479380000006
003 - CONTROL NUMBER IDENTIFIER
control field http://catalogue.bnf.fr/ark:/12148/cb42247938s
005 - DATE AND TIME OF LATEST TRANSACTION
control field 20241030192306.0
008 - FIXED-LENGTH DATA ELEMENTS--GENERAL INFORMATION
fixed length control field 241030b |||||||| |||| 00| 0 eng d
020 ## - INTERNATIONAL STANDARD BOOK NUMBER
International Standard Book Number 9780135072271
Qualifying information Paperback
050 ## - LIBRARY OF CONGRESS CALL NUMBER
Classification number HD62
Item number .4.G74
245 ## - TITLE STATEMENT
Title International Business /
Statement of responsibility, etc. Griffin, Ricky W. ; Pustay Michael W.
250 ## - EDITION STATEMENT
Edition statement Sixth Ed.
260 ## - PUBLICATION, DISTRIBUTION, ETC.
Place of publication, distribution, etc. New Jersey
Name of publisher, distributor, etc. Pearson Education Inc.
Date of publication, distribution, etc. c2010
300 ## - PHYSICAL DESCRIPTION
Extent 654 pages
Other physical details End Notes; Glossary; Index; Illustrations; Maps; (col)
Dimensions 28cm
500 ## - GENERAL NOTE
General note This includes enhancements making it more relevant to students outside the U.S. Pearson has worked closely with educators around the globe to include:<br/><br/>-Global examples and cases: emphasizing the importance of emerging markets in Asia, Europe and the Middle East, new examples include property development in Dubai and the opening of KFC in China.<br/><br/>-Coverage of current issues: current topics such as entrepreneurship and the impact of e-commerce are discussed.
650 ## - SUBJECT ADDED ENTRY--TOPICAL TERM
Source of heading or term Business
Topical term or geographic name entry element Global
Form subdivision International
942 ## - ADDED ENTRY ELEMENTS (KOHA)
Source of classification or shelving scheme Library of Congress Classification
Koha item type Books
Edition Sixth Ed.
Suppress in OPAC No
999 ## -
-- 413
-- 413
Holdings
Withdrawn status Lost status Source of classification or shelving scheme Damaged status Not for loan Collection Home library Current library Shelving location Date acquired Total checkouts Full call number Barcode Date last seen Copy number Price effective from Koha item type
    Library of Congress Classification     Non-fiction Business Library (Miotso) Business Library (Miotso) General stacks 02/25/2025   HD62.4.G74 GRI BSSM00000977 02/25/2025 1 02/25/2025 Books
    Library of Congress Classification     Non-fiction Business Library (Miotso) Business Library (Miotso) General stacks 02/25/2025   HD62.4.G74 GRI BSSM00000978 02/25/2025 2 02/25/2025 Books
    Library of Congress Classification     Non-fiction Graduate Library (Christ Temple) Graduate Library (Christ Temple) General stacks 06/04/2025   HD 62.4.G 74 GRI GSCT00001508 06/04/2025 1 06/04/2025 Books
    Library of Congress Classification     Non-fiction Graduate Library (Christ Temple) Graduate Library (Christ Temple) General stacks 06/04/2025   HD 62.4.G 74 GRI GSCT00001509 06/04/2025 2 06/04/2025 Books
    Library of Congress Classification     Non-fiction Graduate Library (Christ Temple) Graduate Library (Christ Temple) General stacks 06/04/2025   HD 62.4.G 74 GRI GSCT00001510 06/04/2025 3 06/04/2025 Books
    Library of Congress Classification     Non-fiction Graduate Library (Christ Temple) Graduate Library (Christ Temple) General stacks 06/04/2025   HD 62.4.G 74 GRI GSCT00001511 06/04/2025 4 06/04/2025 Books
    Library of Congress Classification     Non-fiction Graduate Library (Christ Temple) Graduate Library (Christ Temple) General stacks 06/09/2025   HD 62.4.G 74 GRI GSCT00001554 06/09/2025 5 06/09/2025 Books
    Library of Congress Classification     Non-fiction Graduate Library (Christ Temple) Graduate Library (Christ Temple) General stacks 06/09/2025   HD 62.4.G 74 GRI GSCT00001555 06/09/2025 6 06/09/2025 Books
    Library of Congress Classification     Non-fiction Law Library (Miotso) Law Library (Miotso) General stacks 10/30/2024   HD62.4.G74 GRI llm00000348 10/30/2024 1 10/30/2024 Books
© 2023-2024 Copyright: Central University Libraries. All Rights Reserved | Created by: Mahone Tech Office